000 00581nam a2200217Ii 4500
003 JO-AjNU
008 230606s9999||||xx |||||||||||||| ||und||
020 _a19-806881-6
040 _aJO-AjNU
_beng
_erda
_cJO-AjNU
041 _aeng
050 1 4 _aTA684.S83.2012
100 3 _aSubramanian,
_eauthor
_94655
245 0 0 _aSteel Structures (Design and Practice)
250 _a3 ed
264 3 1 _aOXFORD,2012
300 _a768p
336 _atext
_btxt
_2rdacontent
337 _aunmediated
_bn
_2rdamedia
338 _avolume
_bnc
_2rdacarrier
650 4 _aSteel Structures
_94656
999 _aE2413
_c2411
_d2411